000 00394nam a22001217a 4500
040 _cRUA
082 _aA294 ឌុំ 2020​​ C160 Or.1
100 _aឌុំ ដាវុយ,
245 _aFrederick The Grear,ព្រះចៅហ្វ្រេដឺរិកមហារាជ
260 _aPHNOM PENH
_bRUA
_c2020
300 _a213p.
_bill.
_c22cm.
942 _cអភិវឌ្ឍន៍
999 _c25672
_d25672